000 00488nam a22001697a 4500
003 OSt
005 20220107122815.0
008 160614b xxu||||| |||| 00| 0 eng d
040 _cIIITMK
100 _aBini B K (92214008)
_99796
245 _aMalware detection in android phones using K-means clustering.
300 _aCSIS - Mini Project
502 _bMsc CSIS
_c2014-16
_dINT
_eDr. Tony Thomas
650 _aMALGENOME DATA
_99797
650 _aMALWARE DETECTION
_99798
942 _2ddc
_cPR
999 _c5226
_d5226